000 00425nam a22001577a 4500
020 _a978-93-48132-98-7
082 _aM100 7
_bRAJ/K
100 _aRajani R R.
245 _aKavitha pookkunna kanalchood/
_cby Rajani R R.
260 _a Kozhikode:
_bPavanatma Publishers Pvt. Ltd.,
_c2025.
300 _a80p.
650 _aPoetry Malayalam Study
650 _aLiterature Malayalam
650 _aLiterature
942 _cBK
999 _c181816
_d181816